Secrets of skating / (Запис № 547083)
[ простий вигляд ]
| 000 -LEADER | |
|---|---|
| fixed length control field | 01549cam a2200361 a 4500 |
| 001 - CONTROL NUMBER | |
| control field | secretsofskating00baiu |
| 003 - CONTROL NUMBER IDENTIFIER | |
| control field | CaSfIA |
| 005 - DATE AND TIME OF LATEST TRANSACTION | |
| control field | 20210119081143.0 |
| 007 - PHYSICAL DESCRIPTION FIXED FIELD--GENERAL INFORMATION | |
| fixed length control field | cr|||| |
| 008 - FIXED-LENGTH DATA ELEMENTS--GENERAL INFORMATION | |
| fixed length control field | 970613s1997 nyua 000 0 eng |
| 010 ## - LIBRARY OF CONGRESS CONTROL NUMBER | |
| LC control number | 97026039 |
| 040 ## - CATALOGING SOURCE | |
| Original cataloging agency | DLC |
| Transcribing agency | DLC |
| Modifying agency | BAKER |
| -- | BTCTA |
| -- | YDXCP |
| -- | OCLCG |
| -- | OTP |
| -- | CaSfIA |
| 020 ## - INTERNATIONAL STANDARD BOOK NUMBER | |
| International Standard Book Number | 0789301040 (hard) |
| 020 ## - INTERNATIONAL STANDARD BOOK NUMBER | |
| International Standard Book Number | 9780789301048 (hard) |
| 035 ## - SYSTEM CONTROL NUMBER | |
| System control number | (OCoLC)37195066 |
| 050 00 - LIBRARY OF CONGRESS CALL NUMBER | |
| Classification number | GV849 |
| Item number | .B25 1997 |
| 082 00 - DEWEY DECIMAL CLASSIFICATION NUMBER | |
| Classification number | 796.91/2/092 |
| Edition number | 21 |
| 082 14 - DEWEY DECIMAL CLASSIFICATION NUMBER | |
| Classification number | B |
| Edition number | 21 |
| 029 1# - (OCLC) | |
| OCLC library identifier | NZ1 |
| System control number | 4846167 |
| 029 1# - (OCLC) | |
| OCLC library identifier | AU@ |
| System control number | 000013302749 |
| 100 1# - MAIN ENTRY--PERSONAL NAME | |
| Personal name | Baiul, Oksana, |
| Dates associated with a name | 1977- |
| 245 10 - TITLE STATEMENT | |
| Title | Secrets of skating / |
| Medium | [electronic resource] |
| Statement of responsibility, etc | Oksana Baiul ; compiled by Christopher Sweet ; with a foreword by Dorothy Hamill ; original photography by Simon Bruty. |
| 260 ## - PUBLICATION, DISTRIBUTION, ETC. (IMPRINT) | |
| Place of publication, distribution, etc | New York : |
| Name of publisher, distributor, etc | Universe Pub., |
| Date of publication, distribution, etc | 1997. |
| 300 ## - PHYSICAL DESCRIPTION | |
| Extent | 133 p. : |
| Other physical details | chiefly ill. (some col.) ; |
| Dimensions | 29 cm. |
| 506 ## - RESTRICTIONS ON ACCESS NOTE | |
| Standardized terminology for access restriction | Необхідна авторизація на https://archive.org/ (створення облікового запису безкоштовно) |
| 506 ## - RESTRICTIONS ON ACCESS NOTE | |
| Standardized terminology for access restriction | Необхідна авторизація на https://openlibrary.org/ (створення облікового запису безкоштовно) |
| 650 #0 - SUBJECT ADDED ENTRY--TOPICAL TERM | |
| Topical term or geographic name as entry element | Skating. |
| 700 1# - ADDED ENTRY--PERSONAL NAME | |
| Personal name | Sweet, Christopher. |
| 700 1# - ADDED ENTRY--PERSONAL NAME | |
| Personal name | Bruty, Simon. |
| 856 41 - ELECTRONIC LOCATION AND ACCESS | |
| Uniform Resource Identifier | <a href="http://www.archive.org/details/secretsofskating00baiu">http://www.archive.org/details/secretsofskating00baiu</a> |
| Public note | Free eBook from the Internet Archive |
| 856 42 - ELECTRONIC LOCATION AND ACCESS | |
| Uniform Resource Identifier | <a href="http://www.openlibrary.org/books/OL679530M">http://www.openlibrary.org/books/OL679530M</a> |
| Public note | Additional information and access via Open Library |
| 942 ## - ADDED ENTRY ELEMENTS (KOHA) | |
| Koha item type | ЕКнига |
Немає доступних примірників.